Breve y sumaria relación de los señores de la Nueva España / (Registro nro. 161674)

Detalles MARC
000 -LEADER
fixed length control field 00908nam a22002057a 4500
005 - DATE AND TIME OF LATEST TRANSACTION
control field 20220426121753.0
008 - FIXED-LENGTH DATA ELEMENTS--GENERAL INFORMATION
fixed length control field 220426b mx ||||| |||| 00| 0 spa d
050 ## - LIBRARY OF CONGRESS CALL NUMBER
Classification number F1219
Item number Z67 1942
100 1# - MAIN ENTRY--PERSONAL NAME
Personal name Zorita, Alonso de
245 ## - TITLE STATEMENT
Title Breve y sumaria relación de los señores de la Nueva España /
Statement of responsibility, etc Alonso de Zorita ; prologo y notas Joaquin Ramírez Cabañas
250 ## - EDITION STATEMENT
Edition statement 1a edición
260 ## - PUBLICATION, DISTRIBUTION, ETC. (IMPRINT)
Place of publication, distribution, etc México :|
Name of publisher, distributor, etc Universidad Nacional Autónoma de México,
Date of publication, distribution, etc 1942
300 ## - PHYSICAL DESCRIPTION
Extent XXII, 210 p. ;
Dimensions 20 cm.
440 ## - SERIES STATEMENT/ADDED ENTRY--TITLE
Title Series Biblioteca del estudiante universitario; Coordinación de humanidades ;
Number of part/section of a work No. 32
490 0# - SERIES STATEMENT
Series statement Biblioteca del estudiante universitario; Coordinación de humanidades
Volume number/sequential designation no. v32
650 ## - SUBJECT ADDED ENTRY--TOPICAL TERM
Topical term or geographic name as entry element Indios de México
General subdivision Antigüedades
650 ## - SUBJECT ADDED ENTRY--TOPICAL TERM
Topical term or geographic name as entry element México
General subdivision Historia
-- Colonia española,
Chronological subdivision 1540-1810
700 ## - ADDED ENTRY--PERSONAL NAME
Personal name Ramírez Cabañas, Joaquin,
Relator term prol. y notas
942 ## - ADDED ENTRY ELEMENTS (KOHA)
Source of classification or shelving scheme Biblioteca del Cogreso de los Estados Unidos
Koha item type Libro
Existencias
Estado de pérdida Fuente de clasificación Estado del daño No para préstamo Ubicación permanente Ubicación actual Apartado o colección Fecha de adquisición Edición Área del conocimiento Total Checkouts Clasificación Código de Barras Date last seen Número de copia Costo por reposición Tipo de recurso
  Biblioteca del Cogreso de los Estados Unidos   Consulta Biblioteca de la Facultad de Filosofía Biblioteca de la Facultad de Filosofía Fondo "Luis Villoro" 26/04/2022 1a ed. Educación y Humanidades   F1219 Z67 1942 BFF000037114 26/04/2022 C.1 1.00 Libro